| 000 | 00506nam a2200181Ia 4500 | ||
|---|---|---|---|
| 005 | 20250603144822.0 | ||
| 008 | 250603s9999 xx 000 0 und d | ||
| 020 | _a978-81-7534-444-0 | ||
| 050 | _aKN 306 .R9/ | ||
| 100 | _aRyder, Rodney | ||
| 245 | 0 | _aDrafting corporate and commercial agreements : legal drafting guidelines, forms and precedents | |
| 260 | _aNew Delhi | ||
| 260 | _bUniversal Law Publishing Co Pvt Ltd | ||
| 260 | _c2010 | ||
| 300 | _a811 p | ||
| 650 | _aNew Delhi | ||
| 942 | _cBK | ||
| 999 |
_c40043 _d40043 |
||